[Event "Blumenau U2400 op"]
[White "Neuenfeld, Eduarda"]
[Black "Santos, Leonardo Emerim"]
[Site "Blumenau"]
[Round "6"]
[Result "0-1"]
[Date "2024.09.01"]
[WhiteElo "1584"]
[BlackElo "1800"]
[PlyCount "124"]
[EventDate "2024.08.30"]
[EventType "swiss"]
[EventRounds "6"]
[EventCountry "BRA"]
[SourceTitle "EXT 2025"]
[Source "ChessBase"]
[SourceDate "2024.10.14"]
[SourceVersion "1"]
[SourceVersionDate "2024.10.14"]
[SourceQuality "1"]

1. Nf3 d5 2. d4 Nf6 3. Bf4 c5 4. c3 e6 5. e3 Bd6 6. Bg3 cxd4 7. exd4 Ne4 8. Bxd6 Nxd6 9. Nbd2 Nd7 10. Bd3 a6 11. Ne5 b5 12. Ndf3 Nc4 13. Nxc4 bxc4 14. Bc2 Nf6 15. Ne5 Qc7 16. h4 Nd7 17. f4 Nxe5 18. fxe5 Rb8 19. Rb1 a5 20. g4 Bd7 21. Qf3 Qd8 22. g5 Bc6 23. Rf1 Qe7 24. Qf4 Rb7 25. h5 a4 26. a3 g6 27. h6 0-0 28. Kd2 Rfb8 29. Kc1 Be8 30. Rf2 Qd8 31. Bd1 Qe7 32. Bg4 Rb3 33. Kc2 Qb7 34. Qf6 Rxb2+ 35. Rxb2 Qxb2+ 36. Kd1 Qb1+ 37. Ke2 Rb2+ 38. Kf3 Qe4+ 39. Kg3 Qe3+ 40. Rf3 Qg1+ 41. Kh4 Rh2+ 42. Bh3 Qe1+ 43. Kg4 Qe4+ 44. Kg3 Rxh3+ 45. Kxh3 Kf8 46. Kg3 Qe1+ 47. Kg4 Qh1 48. Qh8+ Ke7 49. Qxh7 Qg2+ 50. Rg3 Qe4+ 51. Kh3 Qh1+ 52. Kg4 Qh5+ 53. Kf4 Qh4+ 54. Kf3 Qe4+ 55. Kf2 Qc2+ 56. Kf1 Qd1+ 57. Kg2 Qe2+ 58. Kh3 Qf1+ 59. Kh2 Qf2+ 60. Rg2 Qf4+ 61. Kh1 Qf1+ 62. Rg1 Qh3# 0-1